Software guide (Record no. 79888)
[ view plain ]
| 000 -LEADER | |
|---|---|
| fixed length control field | 00651cab a22001815a 4500 |
| 001 - CONTROL NUMBER | |
| control field | L142644 |
| 008 - FIXED-LENGTH DATA ELEMENTS--GENERAL INFORMATION | |
| fixed length control field | 080226s2008 xxk f 000 0 eng d |
| 035 ## - SYSTEM CONTROL NUMBER | |
| System control number | (Sirsi) u142644 |
| 041 0# - LANGUAGE CODE | |
| Language code of text/sound track or separate title | eng |
| 245 00 - TITLE STATEMENT | |
| Title | Software guide |
| 260 ## - PUBLICATION, DISTRIBUTION, ETC. | |
| Date of publication, distribution, etc. | 2008 |
| 490 #0 - SERIES STATEMENT | |
| Series statement | Project |
| Volume/sequential designation | 20(4) February 2008, 22-23(2) |
| 520 ## - SUMMARY, ETC. | |
| Summary, etc. | Reviews four project software packages that focus on communications. Looks at Work.Together from OLM Group, Parity and Microsoft Office Sharepoint Server 2007, Asta and Asta Teamplan, and Project Server Framework from Program Framework. |
| 590 ## - LOCAL NOTE (RLIN) | |
| Local note | KA |
| 651 #4 - SUBJECT ADDED ENTRY--GEOGRAPHIC NAME | |
| Geographic name | United Kingdom |
| Chronological subdivision | |
| 690 ## - LOCAL SUBJECT ADDED ENTRY--TOPICAL TERM (OCLC, RLIN) | |
| Topical term or geographic name as entry element | Project management |
| 9 (RLIN) | 6261 |
| 942 ## - ADDED ENTRY ELEMENTS (KOHA) | |
| Suppress in OPAC | 0 |
| Withdrawn status | Lost status | Source of classification or shelving scheme | Damaged status | Not for loan | Home library | Current library | Shelving location | Date acquired | Total Checkouts | Full call number | Barcode | Date last seen | Copy number | Price effective from | Koha item type |
|---|---|---|---|---|---|---|---|---|---|---|---|---|---|---|---|
| Dewey Decimal Classification | London | London | Journal article | 26/02/2008 | L142644 | 142644-1001 | 06/08/2019 | 1 | 06/08/2019 | Journal article |